Loading...
History - American History | 2 | 2 | 0 | 1 | 50 | 29 | 72.25 | 0 | 3 |
Other - Other Academic | 2 | 2 | 1 | 1 | 45 | 56 | 81.25 | 1 | 1 |
Science - Biology | 0 | 4 | 0 | 2 | 40 | 94 | 111.50 | 0 | 3 |
Science - Other Science | 0 | 4 | 1 | 1 | 35 | 88 | 115.50 | 0 | 2 |
Science - Chemistry | 0 | 3 | 0 | 1 | 30 | 108 | 116.33 | 0 | 2 |
Other - Geo/CE | 1 | 1 | 0 | 1 | 25 | 78 | 83.50 | 0 | 2 |
History - Euro History | 0 | 2 | 0 | 1 | 20 | 79 | 97.50 | 0 | 1 |
Beliefs - Mythology | 0 | 2 | 0 | 1 | 20 | 138 | 140.00 | 0 | 1 |
Other - Pop Culture | 0 | 2 | 0 | 1 | 20 | 97 | 114.00 | 0 | 1 |
Beliefs - Religion | 1 | 1 | 1 | 1 | 20 | 60 | 97.00 | 1 | 1 |
History - World History | 0 | 2 | 0 | 0 | 20 | 71 | 84.50 | 0 | 2 |
Literature - American Lit | 1 | 0 | 0 | 0 | 15 | 95 | 95.00 | 0 | 1 |
Thought - Social Science | 0 | 1 | 0 | 1 | 10 | 129 | 129.00 | 0 | 0 |
Arts - Other Arts | 0 | 1 | 0 | 0 | 10 | 121 | 121.00 | 0 | 1 |
Arts - Other Arts | 0 | 1 | 0 | 0 | 10 | 135 | 135.00 | 0 | 0 |
Arts - Painting | 0 | 1 | 0 | 0 | 10 | 129 | 129.00 | 0 | 1 |
History - Euro History | 0 | 1 | 0 | 1 | 10 | 126 | 126.00 | 0 | 1 |
History - Other History | 0 | 2 | 2 | 1 | 10 | 92 | 116.50 | 0 | 0 |
Literature - Euro Lit | 0 | 1 | 0 | 1 | 10 | 132 | 132.00 | 0 | 0 |
Literature - World Lit | 0 | 1 | 0 | 0 | 10 | 141 | 141.00 | 0 | 0 |
Science - Biology | 0 | 1 | 0 | 0 | 10 | 107 | 107.00 | 0 | 0 |
Science - Engineering | 0 | 1 | 0 | 0 | 10 | 96 | 96.00 | 0 | 1 |
Thought - Philosophy | 0 | 1 | 0 | 1 | 10 | 128 | 128.00 | 0 | 0 |
Thought - Social Science | 0 | 1 | 0 | 0 | 10 | 134 | 134.00 | 0 | 0 |
Science - Physics | 0 | 0 | 0 | 0 | 0 | 0.00 | 0 | 0 | |
Arts - Music | 0 | 0 | 0 | 0 | 0 | 0.00 | 0 | 0 | |
Science - Other Science | 0 | 0 | 0 | 0 | 0 | 0.00 | 0 | 0 | |
Literature - British Lit | 0 | 0 | 0 | 0 | 0 | 0.00 | 0 | 0 |